Statistics for Better Call Saul Trivia #D

Click here to take the quiz!

General Stats

  • This quiz has been taken 28 times
  • The average score is 9 of 15

Answer Stats

HintAnswer% Correct
Hank and Gomez work for the __DEA
100%
Chuck invites Rebecca for __, while hiding his conditionDinner
95%
Saul walks with Mike through the __Desert
90%
After Howards death, Kim wants a __Divorce
90%
Gene is found by the police, while hiding in a __Dumpster
76%
Krazy-8s real nameDomingo
67%
Note left on Mikes windshieldDON'T
67%
Lalos actorTony Dalton
67%
Lalos alias in the USA: Jorge __ __de Guzman
62%
Drives a shiny yellow car, nicknamed "Pryce"Daniel Wormald
48%
LAw firm in Santa FeDavis & Main
48%
Kai is Werners best __ manDemolition
43%
Popular dining location in Albuquerque, with often shady peopleDog House
33%
Gus and Nacho organise __ __ for the above, making Krazy-8s info valid.Dead drops
29%
Mike buys a __ __ helping him figure out, whether someone visited his homeDoor mat
19%

Score Distribution

Percentile by Number Answered

Percent of People with Each Score

Your Score History

You have not taken this quiz